|
|
|
|
| LEADER |
00560nam a2200157Ia 4500 |
| 008 |
150624b xxu||||| |||| 00| e mal d |
| 999 |
|
|
|c 79482
|d 79482
|
| 082 |
|
|
|a 854.237092
|
| 100 |
|
|
|a Balakrishnapillai, Kesari A
|
| 245 |
|
|
|c Kesari A balakrishnapillai
|a Kesariyude sahitya vimarsanangal /
|
| 260 |
|
|
|c 1984.
|a Kottayam:
|b National Book Stall,
|
| 300 |
|
|
|a 818p.
|c 19cm.
|
| 546 |
|
|
|a In Malayalam.
|
| 650 |
|
|
|v Essays
|
| 942 |
|
|
|c BK
|
| 952 |
|
|
|0 0
|1 0
|4 0
|6 854_237092000000000_KES_M
|7 0
|9 79426
|a UL
|b UL
|c ST1
|d 1998-09-15
|l 8
|m 1
|o 854.237092 KES M
|p 52446
|r 2020-02-09
|s 2020-01-22
|y BK
|